Quick Pick: Jewish Holidays Quiz Stats

 Plays Quiz Updated Oct 3, 2016

Challenge
Share
Tweet
Embed
Score 0/9 Timer 01:00
6 Plays Today
% Correct
Shabbat
76%
Hanukkah
72%
Passover
67.8%
Yom Kippur
63.8%
Simchat Torah
60.7%
Rosh Hashanah
60.5%
Tu Bishvat
45.7%
Purim
40%
Sukkot
39.7%

Today's Daily Dose

Missing Word
Entertainment 'M'

Word Ladder
North Carolina

On This Day
January 16th II

You're not logged in!

Compare scores with friends on all Sporcle quizzes.
OR
Log In

You Might Also Like...

Show Comments

Extras

Top Quizzes Today


Score Distribution

Your Account Isn't Verified!

In order to create a playlist on Sporcle, you need to verify the email address you used during registration. Go to your Sporcle Settings to finish the process.

Report this User

Report this user for behavior that violates our Community Guidelines.

Details: